000 00727nam a22002175a 4500
005 20161106141030.0
008 150702t2015 ii a fr 000 0 eng d
020 _a9789351525851
040 _aEG-ScBUE
_beng
_cEG-ScBUE
_dEG-ScBUE
082 0 4 _a615.1076
_bGAR
_222
100 1 _aGarg, Gobind Rai .
_938998
245 1 0 _aPharmacology /
_cGobind Rai Garg, Sparsh Gupta.
260 _aNew Delhi :
_bThe Health Sciences Publishers,
_cc.2015.
300 _axxvii, 393 p. :
_bill. ;
_c25 cm.
521 2 _aExam preparatory manual for undergraduates.
650 7 _aPharmacology
_vExaminations, questions, etc.
_2BUEsh
_936103
651 _2BUEsh
653 _bPPhrm
_cJuly2015
_cJanuary2016
700 1 _aGupta, Sparsh.
942 _2ddc
999 _c20111
_d20083